Совершенствование процессов в магазинах розничной торговли с применением инструментов бережливого производства; Экономика России в XXI веке; Т. 2

Λεπτομέρειες βιβλιογραφικής εγγραφής
Parent link:Экономика России в XXI веке: сборник научных трудов XI Международной научно-практической конференции "Экономические науки и прикладные исследования: фундаментальные проблемы модернизации экономики России", посвященной 110-летию экономического образования в Томском политехническом университете, г. Томск, 18-22 ноября 2014 г./ Национальный исследовательский Томский политехнический университет (ТПУ) ; ред. кол. Г. А. Барышева [и др.].— , 2014
Т. 2.— 2014.— [С. 173-181]
Κύριος συγγραφέας: Дырина Е. Н.
Συγγραφή απο Οργανισμό/Αρχή: Национальный исследовательский Томский политехнический университет (ТПУ) Институт социально-гуманитарных технологий (ИСГТ) Кафедра менеджмента (МЕН)
Άλλοι συγγραφείς: Гаврикова Н. А. Надежда Александровна (научный руководитель)
Περίληψη:Заглавие с титульного экрана
Данная статья посвящена описанию опыта внедрения бережливого производства в группе компаний "ЛАМА" города Томска. В рамках работы были использованы следующие инструменты: хронометраж рабочего процесса, диаграмма причины-следствия Исикавы, метод "АВС-анализ". Автором была предложена пробная версия циклограммы сотрудника, а также проведена оценка факторов, влияющих на состояние потоков, и анализ потерь рабочего процесса.
Γλώσσα:Ρωσικά
Έκδοση: 2014
Σειρά:Менеджмент XXI века
Θέματα:
Διαθέσιμο Online:http://www.lib.tpu.ru/fulltext/c/2014/C40/V2/039.pdf
Μορφή: Ηλεκτρονική πηγή Κεφάλαιο βιβλίου
KOHA link:https://koha.lib.tpu.ru/cgi-bin/koha/opac-detail.pl?biblionumber=610341

MARC

LEADER 00000naa2a2200000 4500
001 610341
005 20260402145937.0
035 |a (RuTPU)RU\TPU\conf\7947 
035 |a RU\TPU\conf\7946 
090 |a 610341 
100 |a 20150119d2014 k y0rusy50 ca 
101 0 |a rus 
102 |a RU 
135 |a drcn ---uucaa 
181 0 |a i  
182 0 |a b 
200 1 |a Совершенствование процессов в магазинах розничной торговли с применением инструментов бережливого производства  |f Е. Н. Дырина  |g науч. рук. Н. А. Гаврикова 
203 |a Текст  |c электронный 
225 1 |a Менеджмент XXI века 
300 |a Заглавие с титульного экрана 
320 |a [Библиогр.: с. 180-181 (7 назв.)] 
330 |a Данная статья посвящена описанию опыта внедрения бережливого производства в группе компаний "ЛАМА" города Томска. В рамках работы были использованы следующие инструменты: хронометраж рабочего процесса, диаграмма причины-следствия Исикавы, метод "АВС-анализ". Автором была предложена пробная версия циклограммы сотрудника, а также проведена оценка факторов, влияющих на состояние потоков, и анализ потерь рабочего процесса. 
337 |a Adobe Reader 
461 1 |0 (RuTPU)RU\TPU\conf\7533  |t Экономика России в XXI веке  |o сборник научных трудов XI Международной научно-практической конференции "Экономические науки и прикладные исследования: фундаментальные проблемы модернизации экономики России", посвященной 110-летию экономического образования в Томском политехническом университете, г. Томск, 18-22 ноября 2014 г.  |o в 2 т.  |f Национальный исследовательский Томский политехнический университет (ТПУ) ; ред. кол. Г. А. Барышева [и др.]  |d 2014 
463 0 |0 (RuTPU)RU\TPU\conf\7539  |t Т. 2  |v [С. 173-181]  |d 2014 
610 1 |a труды учёных ТПУ 
610 1 |a электронный ресурс 
610 1 |a совершенствование 
610 1 |a процессы 
610 1 |a магазины 
610 1 |a розничная торговля 
610 1 |a бережливое производство 
610 1 |a рабочие процессы 
610 1 |a управление производством 
700 1 |a Дырина  |b Е. Н. 
702 1 |a Гаврикова  |b Н. А.  |c экономист  |c старший преподаватель Томского политехнического университета  |f 1978-  |g Надежда Александровна  |4 727 
712 0 2 |a Национальный исследовательский Томский политехнический университет (ТПУ)  |b Институт социально-гуманитарных технологий (ИСГТ)  |b Кафедра менеджмента (МЕН)  |3 (RuTPU)RU\TPU\col\18855 
801 2 |a RU  |b 63413507  |c 20150119  |g RCR 
856 4 |u http://www.lib.tpu.ru/fulltext/c/2014/C40/V2/039.pdf 
942 |c BK